Przedmioty z World of Warcraft - Statystyki

Ogólne statystyki
  • Ten quiz został rozwiązany 43 razy
  • Średni wynik to 4 z 15
Statystyki odpowiedzi
Podpowiedzi Odpowiedzi % Poprawnych
Boń Tiriona Fordring Ashbringer
89%
Miecz Lich Kinga Frostmourne
86%
Legendarny topór z WotLK Shadowmourne
67%
Czy ktoś mówił o... Thunderfury, Blessed Blade of the Windseeker
58%
Kostur z Vanili, występuje w czterech wersjach dla różnych klas Atiesh, Greatstaff of the Guardian
33%
Marzenie wszystkich wojowników, dwóręczny topór, który został heirloomem Arcanite Reaper
22%
Raid Tier 2 set dla paladynów nosił miano Judgement
22%
Artefaktowa broń shadow priestów Xal'atah
17%
Druga strona kostura Benediction Anathema
11%
Klejnot wypadający z Ragnarosa, potrzebny do stworzenia legendarnego młota Eye of Sulfuras
11%
Legendarne Sztylety z Cataclysm Fangs of the Father
8%
Trinket zdobywany w Arathi Highlands, powodował stun Tidal Charm
6%
Flask dla tanków z Classica Flask of Titans
0%
Jeden z najlepszych hełmów do PvP, powodował stun, tworzony z Engineering Goblin Rocket Helmet
0%
Clothowy hełm zdobywany poprzez łowienie ryb Lucky Fishing Hat
0%
Nie znaleziono quizów pasujących do podanych kryteriów
Rozkład punktacji
Procent ludzi z każdym wynikiem
Percentyl według liczby udzielonych odpowiedzi
Twoja historia wyników
Nie rozwiązałeś tego quizu